FC Barcelona 2020s Champions League Scorers - Statistics

General Stats
  • This quiz has been taken 79 times
  • The average score is 18 of 29
Answer Stats
Goals Nationality Answer % Correct
8 Argentine Lionel Messi
100%
19 Polish Robert Lewandowski
100%
5 Uruguayan Luis Suarez
99%
16 Brazilian Raphinha
97%
5 Spanish Lamine Yamal
94%
1 Spanish Pedri
92%
9 Spanish Ferran Torres
81%
1 Spanish Gavi
81%
1 Uruguayan Ronald Araujo
78%
1 Spanish Pablo Torre
76%
4 French Ousmane Dembele
75%
1 Danish Andreas Christensen
74%
1 American Sergino Dest
71%
4 French Antoine Griezmann
67%
3 Portuguese Joao Felix
65%
1 Ivorian Franck Kessie
63%
2 Spanish Gerard Pique
60%
2 Portuguese Joao Cancelo
60%
3 Danish Martin Braithwaite
57%
2 Spanish Eric Garcia
51%
2 Spanish Dani Olmo
49%
3 Spanish Fermin Lopez
49%
1 French Clement Lenglet
47%
3 Spanish Ansu Fati
44%
2 Spanish Inigo Martinez
44%
1 Brazilian Philippe Coutinho
44%
1 Spanish Marc Guiu
17%
1 Spanish Carles Perez
7%
1 Spanish Marcos Alonso
6%
No matching quizzes found
Score Distribution
Percent of People with Each Score
Percentile by Number Answered
Your Score History
You have not taken this quiz